[Event "Agzamov Memorial 09th"]
[Site "Tashkent"]
[Date "2015.03.11"]
[Round "1"]
[White "Turaev, Abdikarim"]
[Black "Aleksandrov, Aleksej"]
[Result "0-1"]
[WhiteElo "2052"]
[BlackElo "2603"]
[PlyCount "52"]
[EventDate "2015.03.11"]
[EventType "swiss"]
[EventRounds "9"]
[EventCountry "UZB"]
[SourceTitle "CBM 165 Extra"]
[Source "ChessBase"]
[SourceDate "2015.04.21"]
[SourceVersion "1"]
[SourceVersionDate "2015.04.21"]
[SourceQuality "1"]

1. d4 Nf6 2. c4 e6 3. g3 d5 4. Bg2 dxc4 5. Qa4+ Nbd7 6. Qxc4 c5 7. Nf3 a6 8. a4 b5 9. Qc2 Bb7 10. axb5 axb5 11. Rxa8 Qxa8 12. Nbd2 cxd4 13. Qd3 Bc5 14. Qxb5 0-0 15. 0-0 Rb8 16. Qd3 e5 17. Qf5 g6 18. Qg5 Bf8 19. Nc4 h6 20. Qd2 Bd5 21. Nh4 g5 22. Nxe5 Nxe5 23. Qxd4 gxh4 24. Bh3 Re8 25. Qxh4 Bg7 26. Bf5 Bf3 0-1